000 00595cam a22002173a 4500
001 44413
003 PGUSA
005 20140828084020.0
008 131212s2013||||xxu|||||s|||||000 | eng d
040 _aPGUSA
_beng
042 _adc
100 1 _aWilson, Rufus Rockwell
245 1 4 _aThe Sea Rovers
_h[electronic resource] /
_cRufus Rockwell Wilson
260 _bProject Gutenberg,
_c2013
506 _aPublic domain in the USA.
516 _aElectronic text
700 1 _aFratz, May
830 0 _aProject Gutenberg
_v44413
856 4 0 _uhttp://www.gutenberg.org/ebooks/44413
942 _cEB
999 _c273664
_d273664